|
|
|
|
| LEADER |
00000nab a2200000 a 4500 |
| 001 |
vtls009624513 |
| 003 |
SK-MaSNL |
| 005 |
20260304154218.0 |
| 008 |
250507c2009 xo |||||||||||000 b|slo |
| 015 |
|
|
|a SNBRB2009/07
|2 snkbucl
|
| 035 |
|
|
|a (uuid)898398bf-b199-44b4-aaeb-a0c81cc211ad
|
| 035 |
|
|
|a urn:nbn:sk:snk-abf5fg
|
| 035 |
|
|
|a (urnnbn)urn:nbn:sk:snk:ar-007hy7
|
| 038 |
|
|
|a SNKBUCL
|
| 040 |
|
|
|a SNKBUCL
|b slo
|c SNKBUCL
|e AACR2
|
| 041 |
0 |
|
|a cze
|b eng
|
| 044 |
|
|
|a xo
|c SK
|
| 080 |
|
|
|a 624.21:69.056
|2 2001
|
| 080 |
|
|
|a 69.056
|2 2001
|
| 080 |
|
|
|a 624.074.1
|2 2001
|
| 100 |
1 |
|
|a Kalný, Milan
|4 aut
|9 988620
|
| 245 |
1 |
0 |
|a Prefabrikace nosných konstrukcí mostů umožňuje zrychlení výstavby
|c Milan Kalný
|
| 246 |
3 |
1 |
|a Prefabrication of bridge superstructures provides speed of construction
|
| 300 |
|
|
|b Fotogr., tab.
|
| 546 |
|
|
|a Res. angl.
|
| 650 |
0 |
7 |
|a mosty
|2 snkbucl
|9 3015
|
| 650 |
0 |
7 |
|a mostné nosné konštrukcie
|2 snkbucl
|9 1293219
|
| 650 |
0 |
7 |
|a mostné staviteľstvo
|2 snkbucl
|9 72880
|
| 650 |
0 |
7 |
|a prefabrikáty
|2 snkbucl
|9 120753
|
| 773 |
0 |
|
|t Inžinierske stavby = Inženýrské stavby
|g Roč. 57, č. 2 (2009), s. 54-56
|x 1335-0846
|
| 850 |
|
|
|a Slovenská národná knižnica
|
| 852 |
|
|
|a Slovenská národná knižnica
|
| 954 |
|
|
|a odborná, vedecká literatúra cudzojazyčná (svetová)
|2 lita
|
| 958 |
|
|
|a article2022
|
| 958 |
|
|
|a OND
|
| 958 |
|
|
|a EUIPO
|
| 999 |
|
|
|c 2956653
|d 2958583
|